Huellas de experiencia cristiana y otros escritos /

Guardado en:
Bibliografiske detaljer
Hovedforfatter: Giussani, Luigi (autor)
Format: Bog
Sprog:spansk
Udgivet: Madrid, España : Encuentro, 1978, c1978
Serier:(Libros de Bolsillo Encuentro ; 1)
Fag:
Tags: Tilføj Tag
Ingen Tags, Vær først til at tagge denne postø!

MARC

LEADER 00000nam^a2200000^a^4500
001 000346460
005 20250521000000.0
009 20260310114747.798
020 |a 84-7489-002-0 
037 |a Acervo ITESO - Biblioteca 
041 |a ESP 
082 |a 248. 2  |b GUI 
100 |a Giussani, Luigi  |e (autor) 
245 1 0 |a Huellas de experiencia cristiana y otros escritos /  |c L. Giussani ; tr. por Jesús Carrascosa. 
264 4 |a Madrid, España :  |b Encuentro,  |c 1978, c1978 
300 |a 181 p. 
336 |a texto  |b txt  |2 rdacontenido 
337 |a sin mediación  |b n  |2 rdamedio 
338 |a volumen  |b nc  |2 rdasoporte 
440 1 |a (Libros de Bolsillo Encuentro ;  |v 1) 
500 |a Traducción de: Tracce d'esperienza cristiana e altri scritti 
561 |a Ex libris de Ignacio Díaz Morales 
649 |a XX 
650 |a Jesucristo -  |x Ejemplo -  |x Tema Principal 
650 |a Vida Cristiana -  |x Tema Principal 
650 |a Espiritualidad 
650 |a Catolicismo 
650 |a Cristianismo -  |x Tema Principal 
650 |a Religión 
910 |a Fondo Ignacio Díaz Morales 
920 |a Impresos - Libros 
930 |a Arquitectos Jaliscienses 
905 |a 114 
901 |a 0500236930  |b IT1  |c JAL  |i D65633  |u 20250521 
902 |a https://opac.biblio.iteso.mx/vufind/Record/000346460